Giáo trình pháp luật về luật sư, công chứng - chứng thực và thừa phát lại

Salvato in:
Dettagli Bibliografici
Autore principale: Đặng, Công Tráng
Natura: Giáo trình
Lingua:Undetermined
Pubblicazione: Đại học Công nghiệp Tp. Hồ Chí Minh 2017
Soggetti:
Tags: Aggiungi Tag
Nessun Tag, puoi essere il primo ad aggiungerne! !
Thư viện lưu trữ: Trung tâm Thư viện - Trường Đại học Công nghiệp TP. Hồ Chí Minh
LEADER 00622nam a2200157Ia 4500
001 UIH_00014
008 230809s9999 xx 000 0 und d
082 |a 346.597 
100 |a Đặng, Công Tráng 
245 0 |a Giáo trình pháp luật về luật sư, công chứng - chứng thực và thừa phát lại 
245 0 |c Đặng, Công Tráng 
260 |b Đại học Công nghiệp Tp. Hồ Chí Minh 
260 |c 2017 
650 |a Luật sư;Công chứng 
927 |a Giáo trình 
980 |a Trung tâm Thư viện - Trường Đại học Công nghiệp TP. Hồ Chí Minh